Malaga cf - Estadísticas

Estadísticas generales
  • Esta prueba ha sido intentada 172 veces
  • La puntuación promedio es 9 de 15
Answers on the Grid
Answers color-coded by a green-red scale on the quiz's grid according to % correct below.
Isco Alarcón
Esteban Granero
Salomón Rondón
Willy Caballero
Álvaro Negredo
Joaquín Sánchez
Sergio Canales
Santi Cazorla
Manuel Lanzini
Álvaro Vadillo
Julio Baptista
Jeremy Toulalan
Martín Demichelis
Ever Banega
Nacho Monreal
Jesús Gámez
Jesé Rodríguez
Pedro León
Roque Santa Cruz
Sergio García
Duda
Jonathan Viera
Ricky van Wolfswinkel
Eliseu Pereira
Carlos Carmona
Ruud van Nistelrooy
Rafinha Alcántara
Sandro Ramírez
Óliver Torres
Pablo Sarabia
 
Estadísticas de respuestas
Respuesta % Correcto
Isco Alarcón
99%
Willy Caballero
82%
Joaquín Sánchez
79%
Santi Cazorla
76%
Salomón Rondón
75%
Julio Baptista
53%
Martín Demichelis
52%
Jeremy Toulalan
51%
Duda
48%
Jesús Gámez
45%
Eliseu Pereira
43%
Roque Santa Cruz
43%
Nacho Monreal
42%
Ruud van Nistelrooy
40%
Sandro Ramírez
35%
No se encontraron pruebas coincidentes
Distribución de puntuación
Porcentaje de gente con cada puntuación
Porcentaje por número respondido
Historial de tus puntuaciones
No has intentado esta prueba.